000 00569nam a2200193Ia 4500
005 20250508154009.0
008 008 250505s9999 xx 000 0 eng d
037 _aTextual
040 _aFEDL
_beng
_cFEDL
041 _aeng
_2eng
084 _a370.947, DEI
_qFEDL
100 _aDeineko M
_9764823
245 0 _aForty years of public education in the USSR : Facts and figures
260 _aMoscow
_bForeign Languages Publishing House
_c1957
300 _a117p.
650 _aEducation
942 _cTEXL
_h370.947, DEI
999 _c1346903
_d1346903